जमी हुयी बर्फ / (Record no. 117158)

MARC details
000 -LEADER
fixed length control field 01046nam a22002537a 4500
005 - DATE AND TIME OF LATEST TRANSACTION
control field 20170124103050.0
010 ## - LIBRARY OF CONGRESS CONTROL NUMBER
LC control number A-924165
020 ## - INTERNATIONAL STANDARD BOOK NUMBER
Terms of availability 120.00
International Standard Book Number 8185045666
035 ## - SYSTEM CONTROL NUMBER
System control number A-924165
037 ## - SOURCE OF ACQUISITION
Source of stock number/acquisition Cen Lib/Ret
040 ## - CATALOGING SOURCE
Original cataloging agency DPL
Language of cataloging HN
082 ## - DEWEY DECIMAL CLASSIFICATION NUMBER
Classification number
Item number कोल्हट
100 ## - MAIN ENTRY--PERSONAL NAME
Personal name कोल्हटकर, उषादेवी विजय
9 (RLIN) 70420
245 ## - TITLE STATEMENT
Title जमी हुयी बर्फ /
Statement of responsibility, etc उषादेवी विजय कोल्हटकर
246 ## - VARYING FORM OF TITLE
Title proper/short title Jami huyi barf /
Remainder of title by Ushadevi Vijay Kolhatkar
260 ## - PUBLICATION, DISTRIBUTION, ETC. (IMPRINT)
Place of publication, distribution, etc दिल्ली
Name of publisher, distributor, etc दिशा प्रकाशन
Date of publication, distribution, etc 1998
270 ## - ADDRESS
City दिल्ली
Address त्रिनगर
Postal code 110035
300 ## - PHYSICAL DESCRIPTION
Extent 157पृ.
Dimensions 19सेमी (सजिल्द )
650 ## - SUBJECT ADDED ENTRY--TOPICAL TERM
Topical term or geographic name as entry element हिंदी साहित्य
General subdivision
Geographic subdivision
9 (RLIN) 70421
650 ## - SUBJECT ADDED ENTRY--TOPICAL TERM
Topical term or geographic name as entry element हिंदी साहित्य
Form subdivision
General subdivision उपन्यास
9 (RLIN) 70422
650 ## - SUBJECT ADDED ENTRY--TOPICAL TERM
Topical term or geographic name as entry element Hindi literature
9 (RLIN) 70423
650 ## - SUBJECT ADDED ENTRY--TOPICAL TERM
Topical term or geographic name as entry element Hindi literature
General subdivision Fiction
9 (RLIN) 70424
942 ## - ADDED ENTRY ELEMENTS (KOHA)
Source of classification or shelving scheme Dewey Decimal Classification
Koha item type Hindi Books
Classification part
Call number suffix कोल्हट
Holdings
Withdrawn status Lost status Damaged status Not for loan Home library Current library Date acquired Source of acquisition Cost, normal purchase price Total Checkouts Full call number Barcode Date last seen Copy number Cost, replacement price Price effective from Koha item type Public note Source of classification or shelving scheme Collection code
Written off       Central Library Central Library 26/08/2015 Cen Lib/Ref 120.00   उ कोल्हट A-924165 26/08/2015 1 120.00 26/08/2015 Hindi Books Written off on approval by DLB (By Circulation); dtd 15-06-2023    
        Yojana Vihar Yojana Vihar 24/10/2019 BPPD/PUB 120.00   उ कोल्हट A-924191 24/10/2019   120.00 24/10/2019 Hindi Books   Dewey Decimal Classification Fiction

© Delhi Public Library
Hit Counter
free hit counter